ბათუმის შოთა რუსთაველის სახელმწიფო უნივერსიტეტის ბიბლიოთეკა

Основы светотехники и источники света. (ბიბ.ჩანაწერი № 37193)

000 -LEADER
fixed length control field 00720nam a2200229Ia 4500
001 - CONTROL NUMBER
control field 3149
003 - CONTROL NUMBER IDENTIFIER
control field GE_BSU
008 - FIXED-LENGTH DATA ELEMENTS--GENERAL INFORMATION
fixed length control field 181216s||||||||xx |||||||||||||| ||und||
040 ## - CATALOGING SOURCE
Transcribing agency GE_BSU
080 ## - UNIVERSAL DECIMAL CLASSIFICATION NUMBER
Universal Decimal Classification number 628.9(075.8)
100 ## - MAIN ENTRY--PERSONAL NAME
Personal name Гуторов,М.М.
245 ## - TITLE STATEMENT
Title Основы светотехники и источники света.
245 ## - TITLE STATEMENT
Remainder of title Учебник для вузов.
245 ## - TITLE STATEMENT
Statement of responsibility, etc. ред.Л.И.Крупенникова.
250 ## - EDITION STATEMENT
Edition statement Изд 2-ое. перераб.и доп.
260 ## - PUBLICATION, DISTRIBUTION, ETC.
Place of publication, distribution, etc. М.
260 ## - PUBLICATION, DISTRIBUTION, ETC.
Name of publisher, distributor, etc. Энергоатомиздат.
260 ## - PUBLICATION, DISTRIBUTION, ETC.
Date of publication, distribution, etc. 1983.
300 ## - PHYSICAL DESCRIPTION
Extent 384 стр. с илл.
653 ## - INDEX TERM--UNCONTROLLED
Uncontrolled term Основы светотехники и источники света.
942 ## - ADDED ENTRY ELEMENTS (KOHA)
Koha item type წიგნი
ეგზემპლარები
Withdrawn status Lost status Damaged status Not for loan Date acquired Barcode Date last seen Price effective from Koha item type
        2018-12-17 8511 2018-12-17 2018-12-17 წიგნი
        2018-12-17 8512 2018-12-17 2018-12-17 წიგნი
        2018-12-17 8513 2018-12-17 2018-12-17 წიგნი
        2018-12-17 8514 2018-12-17 2018-12-17 წიგნი